UM Logo

Financial planning and stress among non-teaching personnel of higher education schools in Digod City / (Record no. 24513)

MARC details
000 -LEADER
fixed length control field 00784nam a22001817a 4500
005 - DATE AND TIME OF LATEST TRANSACTION
control field 20260327121956.0
008 - FIXED-LENGTH DATA ELEMENTS--GENERAL INFORMATION
fixed length control field 260327b |||||||| |||| 00| 0 eng d
082 ## - DEWEY DECIMAL CLASSIFICATION NUMBER
Classification number UT 1564 B112 2021
100 ## - MAIN ENTRY--PERSONAL NAME
Personal name Baba, Mitzi Darryl M.
9 (RLIN) 70282
245 ## - TITLE STATEMENT
Title Financial planning and stress among non-teaching personnel of higher education schools in Digod City /
Statement of responsibility, etc. Mitzi Darryl M. Baba, Rainier Vince Rosal, and Saint Isidore De Mesa.
260 ## - PUBLICATION, DISTRIBUTION, ETC. (IMPRINT)
Place of publication, distribution, etc. Digos City :
Name of publisher, distributor, etc. UMDC,
Date of publication, distribution, etc. ©July 2021.
300 ## - PHYSICAL DESCRIPTION
Extent ix, 60 pages :
Other physical details illustrations (some colors)
Dimensions 30 Cm.
500 ## - GENERAL NOTE
General note Include reference and appendices
650 #0 - SUBJECT ADDED ENTRY--TOPICAL TERM
Topical term or geographic name as entry element Business Administration
General subdivision Undergraduate thesis.
9 (RLIN) 70283
700 ## - ADDED ENTRY--PERSONAL NAME
Personal name Rosal, Rainier Vince
Relator term researcher.
9 (RLIN) 70284
700 ## - ADDED ENTRY--PERSONAL NAME
Personal name De Mesa, Saint Isidore
Relator term researcher.
9 (RLIN) 70285
942 ## - ADDED ENTRY ELEMENTS (KOHA)
Source of classification or shelving scheme Dewey Decimal Classification
Koha item type Undergraduate Thesis
Holdings
Withdrawn status Lost status Source of classification or shelving scheme Damaged status Not for loan Collection code Home library Current library Date acquired Total Checkouts Full call number Barcode Date last seen Price effective from Koha item type
    Dewey Decimal Classification     Undergraduate Theses UM Digos College - LIC UM Digos College - LIC 03/27/2026   UT 1564 B112 2021 1564 03/27/2026 03/27/2026 Undergraduate Thesis